The final days
Wedi'i Gadw mewn:
| Prif Awduron: | , |
|---|---|
| Fformat: | Llyfr |
| Iaith: | Saesneg |
| Cyhoeddwyd: |
Nueva York
Avon
1977
|
| Pynciau: | |
| Tagiau: |
Ychwanegu Tag
Dim Tagiau, Byddwch y cyntaf i dagio'r cofnod hwn!
|
MARC
| LEADER | 00000nam a2200000 a 4500 | ||
|---|---|---|---|
| 001 | UCO8265 | ||
| 003 | CL-VaPUC | ||
| 008 | 001201e19770000US |||||||||||||||||eng|d | ||
| 082 | 0 | 4 | |a 813 |b WOO |2 21 |
| 100 | 0 | |a Woodward, Bob |e author |9 453171 | |
| 700 | 0 | |a Bernstein, Carl |e author |9 453172 | |
| 245 | 1 | 4 | |a The final days |
| 300 | |a 529 p | ||
| 942 | |c BK | ||
| 945 | |d 20001201 00:00:00 |a crobeson | ||
| 260 | |a Nueva York |b Avon |c 1977 | ||
| 500 | |a Donación del profesor Manfred Wilhelmy von Wolff | ||
| 600 | 0 | |a Nixon, Richard |q (Richard Milhous), |d 1913-1994 |9 876009 | |
| 650 | 0 | |a Novelas estadounidenses |9 265217 | |
| 650 | 0 | |a Novelas históricas |9 342315 | |
| 650 | 0 | |a Literatura estadounidense |9 317168 | |
| 650 | 7 | |a HISTORIA ESTADOUNIDENSE 1969-1974 |2 CL-VaPUC |9 453173 | |
| 651 | 0 | |a Estados Unidos |9 255178 | |
| 583 | |a last modification |c 20001201 00:00:00 |k Rodrigo Vera | ||
| 999 | |c 292991 |d 292989 | ||
| 952 | |0 0 |1 0 |4 0 |6 813_000000000000000_WOO_1977 |7 0 |8 A |9 344079 |a BIBHIS |b BIBHIS |d 2019-11-20 |i 1231502 |o 813 WOO 1977 |p 1231502 |r 2025-01-20 |w 2019-11-20 |y BK |k HIS | ||